Simulácia hydrostatického systému plavebnej komory a jaj využitie na prognózovanie stavu
Guardado en:
| Autor principal: | |
|---|---|
| Formato: | Libro |
| Lenguaje: | eslovaco |
| Publicado: |
Bratislava :
STU v Bratislave SjF,
2006
|
| Edición: | 1. vyd. |
| Materias: | |
| Etiquetas: |
Sin Etiquetas, Sea el primero en etiquetar este registro!
|
MARC
| LEADER | 00000nam a22000003a 4500 | ||
|---|---|---|---|
| 001 | stu144602 | ||
| 005 | 20150617225951.7 | ||
| 008 | 070831s2006----xo------------------slo-d | ||
| 040 | |a STU |b slo | ||
| 041 | 0 | |a slo | |
| 044 | |a xo | ||
| 080 | |a 681.523.4 | ||
| 100 | 1 | |a Guláš, Juraj |4 aut |u J170 |U SjF Ústav chemických a hydraulických strojov a zariadení |T SjF Katedra hydraulických strojov |U J170 |Y 42 | |
| 245 | 1 | |a Simulácia hydrostatického systému plavebnej komory a jaj využitie na prognózovanie stavu | |
| 250 | |a 1. vyd. | ||
| 260 | |a Bratislava : |b STU v Bratislave SjF, |c 2006 | ||
| 300 | |a 98 s | ||
| 650 | 7 | |a hydraulické riadiace systémy |2 stusub | |
| 996 | |b 284J032579 |c J*107979 |l JJST |s P |a 0 |w stu144602_0001 | ||